| 000 | 00639nam a2200205 a 4500 | ||
|---|---|---|---|
| 005 | 20260109063944.0 | ||
| 008 | 991125s1974 mx 000 0 spa u | ||
| 020 | _a0070909016 | ||
| 035 | _aUPN01000007793 | ||
| 049 | _aCG | ||
| 050 | 4 |
_aQ125 _bE8.38 |
|
| 245 | 0 | 0 |
_aCiencia y sociedad / _cpreparado por el equipo del curso básico de ciencias de la Open University ; tr. Mercedes G. de Gohl. |
| 260 |
_aMéxico : _bMcGraw-Hill, _c1974. |
||
| 300 |
_a121 p., [1] h. pleg. : _bil. |
||
| 440 | 0 |
_aCurso básico de ciencias ; _v33-34 |
|
| 650 | 4 |
_aCiencia _97469 |
|
| 650 | 4 | _aSOCIEDADES | |
| 650 | 7 |
_aTecnología _2 _911976 |
|
| 905 | _aLibro | ||
| 999 |
_c7793 _d7793 |
||